| 000 | 00000nam 2200000za 4500 |
| 001 | 9.840936 |
| 003 | CaOODSP |
| 005 | 20221107151951 |
| 007 | cr ||||||||||| |
| 008 | 170802s1990 onc |o f|0| 0 eng d |
| 040 | |aCaOODSP|beng |
| 043 | |an-cn--- |
| 086 | 1 |aCS12-0043/5E-PDF |
| 100 | 1 |aHarvey, Andrew S.,|d1939- |
| 245 | 10|aGuidelines for time use data collection |h[electronic resource] / |cby Andrew S. Harvey. |
| 260 | |a[Ottawa] : |bStatistics Canada, |c1990. |
| 300 | |a38 p. |
| 490 | 1 |aWorking paper ; |vno. 5 |
| 500 | |aIssued also in French under title: Lignes directrices concernant la collecte des données sur l'emploi du temps. |
| 500 | |a"May, 1990." |
| 500 | |aDigitized edition from print [produced by Statistics Canada]. |
| 504 | |aIncludes bibliographic references. |
| 520 | |a"This paper briefly examines applications of time use data and the history of international co-operation in the measurement of time use, identifies and evaluates methodological options to be considered when launching time use studies, recommends methodological approaches to foster cross-national and cross-temporal comparability, and finally identifies methodological challenges confronting researchers and statistical bodies interested in time use measurement"--Introduction. |
| 692 | 07|2gccst|aStatistical analysis |
| 692 | 07|2gccst|aMethodology |
| 692 | 07|2gccst|aSurveys |
| 710 | 2 |aStatistics Canada. |
| 775 | 08|tLignes directrices concernant la collecte des données sur l'emploi du temps |w(CaOODSP)9.840937 |
| 830 | #0|aWorking paper (General Social Survey (Canada))|vno. 5|w(CaOODSP)9.835228 |
| 856 | 40|qPDF|s3.68 MB|uhttps://publications.gc.ca/collections/collection_2017/statcan/12-0043/CS12-0043-5-eng.pdf |
| 986 | |a12F0043E no. 5 |